Responses for show #1959 - Thursday, February 25, 1993

1993 Teen Tournament final game 1.

Contestants

Jesse Roach, a senior from Aiken, South Carolina

Mit Robertson, a senior from Tupelo, Mississippi

Fraser Woodford, a senior from Lexington, Kentucky

Jeopardy! Round responses

THE OLD TESTAMENT
1992 FILMS
U.S.A.
ETIQUETTE
FIRST LADIES
"A" "B" "C"s
    $100 16
light

Fraser
    $100 11
Home Alone

Jesse
    $100 1
green

Fraser
    $100 21
lipstick

Mit
    $100 6
Rosalynn Carter

Fraser
    $100 22
a beet

Mit
    $200 17
Jonah

Fraser
    $900 12
(Alex: Sung by Whitney Houston, "I Will Always Love You".)

The Bodyguard

Jesse
    $200 2
Delaware

Jesse
    $200 27
applaud

Fraser
    $200 7
St. Patrick's Day

Mit
    $200 23
acupuncture

Jesse
    $300 18
Solomon

Jesse
    $300 13
The Last of the Mohicans

Jesse
    $300 3
West Virginia

Jesse
    $300 28
fork

Fraser
    $300 8
Lady Bird Johnson

Jesse
    $300 24
abracadabra

Fraser
    $400 19
(Mit: What is Genesis?)

Exodus

MitJesse
    $400 14
A River Runs Through It

Fraser
    $400 4
Wisconsin

Mit
    $400 29
(Mit: What are cups?)
(Fraser: What are teaspoons?)
[Accepted as correct; reversed before Double Jeopardy!]

spoons

FraserMit
Triple Stumper
    $400 9
Eleanor Roosevelt

Mit
    $400 25
carbon

Fraser
    $500 20
Elijah

Triple Stumper
    $500 15
Sarafina!

Jesse
    $500 5
Wyoming

Fraser
    $500 30
white

Triple Stumper
    $500 10
Martha Washington

Fraser
    $500 26
commencement

Fraser

Scores at the first commercial break (after clue 15):

Fraser Mit Jesse
$1,600 $1,000 $2,600

Scores at the end of the Jeopardy! Round:

Fraser Mit Jesse
$3,200 $400 $3,500

Double Jeopardy! Round responses

WORLD CAPITALS
OPERA
IN THE NEWS
ARCHITECTURE
SCIENTIFIC INSTRUMENTS
MYTHOLOGICAL WORDS & PHRASES
    $200 1
Cairo

Fraser
    $200 6
Columbus

Jesse
    $200 11
collide with the Earth

Fraser
    $200 21
Monticello

Fraser
    $200 16
fluorescent

Fraser
    $200 26
Hercules

Fraser
    $400 2
Rome

Jesse
    $400 7
Switzerland

Fraser
    $400 12
Dana Carvey

Jesse
    $400 22
Byzantine

Fraser
    $400 17
Geiger counter

Jesse
    $400 27
the Sphinx

Jesse
    $600 3
Caracas

Fraser
    $600 8
(Mit: Who was Puccini?)

Giuseppe Verdi

MitJesse
    $600 13
Vienna

Mit
    $600 23
the Leaning Tower of Pisa

Fraser
    $600 18
the sun

Jesse
    $600 28
peacock

Fraser
    $800 4
Tokyo

Mit
    $800 9
Enrico Caruso

Triple Stumper
    $2,200 14
[Diane Feinstein & Barbara Boxer]

California

Mit
    $800 24
Art Nouveau

Fraser
    $1,000 19
barometer

Jesse
    $800 29
Orpheus

Fraser
    $1000 5
Baghdad

Mit
    $1000 10
Richard Wagner

Triple Stumper
    $1000 15
(Alger) Hiss

Jesse
    $1000 25
I.M. Pei

Mit
    $1000 20
centrifuge

Fraser
    $1000 30
Elysian Fields

Mit

Scores at the end of the Double Jeopardy! Round:

Fraser Mit Jesse
$9,400 $6,400 $8,500

Final Jeopardy! Round responses

19th CENTURY AMERICA
MitWho is John Brown?
$2,000
JesseWho was John Brown?
$4,000
FraserWho is John Brown?
$6,600
John Brown

Final scores:

Fraser Mit Jesse
$16,000 $8,400 $12,500

Game dynamics:

Coryat scores:

Fraser Mit Jesse
$9,400 $5,000 $7,600
25 R,
1 W
11 R
(including 1 DD),
3 W
19 R
(including 2 DDs),
0 W

Combined Coryat: $22,000

The J! Archive is created by fans, for fans. The Jeopardy! game show and all elements thereof, including but not limited to copyright and trademark thereto, are the property of Jeopardy Productions, Inc. and are protected under law. This website is not affiliated with, sponsored by, or operated by Jeopardy Productions, Inc. Join the discussion at JBoard.tv.